| 000 | 00781cab a2200241 4500 | ||
|---|---|---|---|
| 001 | ABS43797 | ||
| 008 | 090401t1990 xxu||||| |||| 00| 0 eng d | ||
| 035 | _a(Sirsi) u43506 | ||
| 041 | _aeng | ||
| 100 | _aMilne, R. | ||
| 245 | _aGovernment tightens up advice on archaeology | ||
| 260 | _c1990 | ||
| 350 | _a0 | ||
| 490 |
_aPlanning (for the Natural and Built Environment) _v(897) 30 November 1990, 5(1) |
||
| 520 | _aLooks at Planning Policy Guidance 16 on archaeology and planning , which gives greater protection to archaeological sites and provision to excavate before development . | ||
| 650 | _aEXCAVATION | ||
| 650 | _aMINERALS | ||
| 650 | _aPPG16 | ||
| 650 | _aTOWN AND COUNTRY PLANNING ACT 1990 S106 | ||
| 690 | _aCON | ||
| 942 | _n0 | ||
| 948 | _c04/03/1997 | ||
| 999 |
_c27741 _d27741 |
||